000 00726nam a2200229 a 4500
001 000044732
003 DO-SdBNP
005 20240305090729.0
007 ta
008 150108s2004 dr a 000 0 spa d
020 _a9945130560
040 _aDO-SdBNP
_bspa
_cBNPHU
082 _axxx
_bF825h
_222
100 1 _aFranco, Franklin J.,
_d1936-
_934417
245 1 0 _aHistoria Económica y Financiera de la República Dominicana 1844-1962 :
_bintroducción a su estudio /
_cFranklin Franco Pichardo.
250 _a8a ed. revisada y ampliada
260 _aSanto Domingo,
_cSociedad editorial dominicana
_c[s.f.].
300 _a321 p. :
_bil. ;
_c22 cm.
590 _aInventariado, 2023 / DG
910 _aDG
942 _2ddc
_cLBS1
999 _c44221
_d44221